Toutes les communes de la Lozère sur une carte - Statistiques

Statistiques générales
  • Ce quiz a été pris 370 fois
  • Le résultat moyen est 36 sur 152
Réponses sur la Carte
Les réponses sont colorées sur une échelle allant du rouge au vert en fonction du pourcentage des utilisateurs qui les ont devinées à leur premier essai. Vous pouvez retrouver ces pourcentages ci-dessous.
 
Statistiques - réponses
Population Commune % Correct
12 316 Mende
99%
2 096 Florac Trois Rivières
79%
4 738 Marvejols
79%
103 Mas-Saint-Chély
70%
4 096 Saint-Chély-d'Apcher
70%
2 867 Langogne
64%
901 Gorges du Tarn Causses
53%
638 Saint-Étienne-du-Valdonnez
53%
496 Saint-Étienne-Vallée-Française
53%
2 099 La Canourgue
51%
1 437 Chanac
48%
2 300 Peyre en Aubrac
48%
2 078 Bourgs sur Colagne
43%
1 085 Mont Lozère et Goulet
42%
570 Nasbinals
42%
523 Châteauneuf-de-Randon
41%
497 Le Malzieu-Forain
40%
741 Le Malzieu-Ville
40%
784 Meyrueis
40%
594 Villefort
40%
898 Ispagnac
39%
1 236 Monts-de-Randon
39%
175 Saint-Pierre-de-Nogaret
39%
93 Saint-Pierre-des-Tripiers
39%
319 Saint-Pierre-le-Vieux
39%
1 377 Saint-Alban-sur-Limagnole
38%
990 Badaroux
36%
773 Barjac
36%
936 Massegros Causses Gorges
36%
470 Saint-Germain-de-Calberte
36%
858 Saint-Germain-du-Teil
36%
545 Pont de Montvert - Sud Mont Lozère
32%
194 Saint-Martin-de-Boubaux
32%
193 Saint-Martin-de-Lansuscle
32%
567 Balsièges
30%
289 Cans et Cévennes
30%
136 Saint-Paul-le-Froid
30%
136 Saint-Jean-la-Fouillouse
29%
926 Chastel-Nouvel
28%
221 Le Buisson
28%
748 Grandrieu
27%
130 Le Rozier
27%
190 Saint-Laurent-de-Muret
27%
37 Saint-Laurent-de-Veyrès
27%
200 Barre-des-Cévennes
26%
133 La Malène
26%
1 180 Montrodat
26%
371 Naussac-Fontanes
26%
197 Saint-André-Capcèze
26%
159 Saint-André-de-Lancize
26%
119 Saint-Julien-des-Points
26%
369 Fournels
25%
256 Saint Bonnet-Laval
25%
294 Sainte-Croix-Vallée-Française
25%
170 La Bastide-Puylaurent
24%
681 Le Collet-de-Dèze
24%
232 Pelouse
24%
248 Serverette
24%
98 Laval-du-Tarn
23%
147 Saint-Denis-en-Margeride
22%
192 Saint-Léger-de-Peyre
22%
209 Saint-Léger-du-Malzieu
22%
221 Hures-la-Parade
21%
352 Lanuéjols
21%
143 Les Bondons
21%
255 Prinsuéjols-Malbouzon
21%
36 Sainte-Eulalie
21%
59 Saint-Sauveur-de-Ginestoux
21%
262 Allenc
20%
329 Antrenas
20%
387 Brenoux
20%
229 Saint-Michel-de-Dèze
20%
446 Bédouès-Cocurès
19%
151 Albaret-le-Comtal
18%
554 Albaret-Sainte-Marie
18%
217 Altier
18%
192 Cubières
18%
101 Laubert
18%
153 Le Born
18%
174 Le Pompidou
18%
206 Luc
18%
46 Marchastel
18%
100 Sainte-Hélène
18%
186 Saint-Flour-de-Mercoire
18%
223 Saint-Privat-de-Vallongue
18%
111 Saint-Privat-du-Fau
18%
51 Arzenc-d'Apcher
17%
187 Arzenc-de-Randon
17%
47 Cubiérettes
17%
606 Rimeize
17%
71 Saint-Bonnet-de-Chirac
17%
219 Vebron
17%
1 072 Banassac-Canilhac
16%
547 Bel-Air-Val-d'Ance
16%
289 Chaudeyrac
16%
193 Cultures
16%
329 Les Monts-Verts
16%
438 Vialas
16%
81 Fraissinet-de-Fourques
15%
140 La Fage-Montivernoux
15%
304 La Fage-Saint-Julien
15%
218 Moissac-Vallée-Française
15%
137 Montbel
15%
184 Palhers
15%
263 Prévenchères
15%
166 Recoules-d'Aubrac
15%
101 Recoules-de-Fumas
15%
369 Lachamp-Ribennes
14%
98 Les Salces
14%
186 Pied-de-Borne
14%
123 Rousses
14%
601 Saint-Bauzile
14%
99 Saint-Hilaire-de-Lavit
14%
66 Bassurels
13%
83 Brion
13%
52 Gatuzières
13%
222 Grèzes
13%
88 Saint-Gal
13%
59 Saint-Juéry
13%
222 Termes
13%
364 Auroux
12%
125 Cassagnas
12%
420 Esclanèdes
12%
161 Gabrias
12%
116 Lajo
12%
77 La Panouse
12%
425 Les Bessons
12%
151 Les Laubies
12%
166 Les Salelles
12%
260 Ventalon en Cévennes
12%
122 Chadenet
11%
84 Chauchailles
11%
62 Grandvals
11%
162 Pierrefiche
11%
126 Pourcharesses
11%
229 Prunières
11%
60 Saint-Saturnin
11%
63 Cheylard-l'Évêque
10%
100 Gabriac
10%
48 Julianges
10%
95 La Tieule
10%
99 Les Hermaux
10%
97 Paulhac-en-Margeride
10%
60 Saint-Frézal-d'Albuges
10%
90 Trélans
10%
261 Blavignac
9%
62 Chaulhac
9%
235 Fontans
9%
94 Noalhac
9%
235 Rocles
9%
78 Chastanier
8%
97 Molezon
8%
Aucun quiz correspondant
Distribution des résultats
% des personnes avec chaque résultat
Percentile par nombre de réponses
Votre historique - résultats
Vous n’avez pas pris ce quiz